Quizzes
Events
Quiz Creation
Community
Videos
Private Events
Remove Ads
Sign In
Join for FREE
Feedback
Dark Mode
Quiz Categories
Sports
Geography
Music
Movies
Television
Just For Fun
Miscellaneous
History
Literature
Language
Science
Gaming
Entertainment
Religion
Holiday
For Kids
Quiz Lab
Recent
Popular Today
Quiz Kudos Today
Editor Picks
Curator Picks
Quizzes by...
Day
Popularity
Type
Ratings
Length
Year
Community
Subscriptions
Recent Discussions
Orange Saloon
Badges
Playlists
Quests
Create
Leaderboards
Showdown
Live 5
Trivia Bingo
Activity
Puzzle Library
Sporcle Events
Private Events
Virtual Trivia
Globe League
Become a Host
Pub Owners
SporcleCon
Opinionation
Our Games
Videos
Blog
Mobile Apps
Partnerships
Remove Ads and Go Orange
Feedback
Television
TV Characters
TV Show
Sitcom
Network
Friends
Reality Shows
Cast
South Park
Star Trek
The Simpsons
Doctor Who
Television
TV Characters
TV Show
Sitcom
Network
Friends
Reality Shows
Cast
South Park
Star Trek
The Simpsons
Doctor Who
Random Quiz
Search Sporcle
×
Quiz Lab
Quiz Lab
Television
Cartoons
Type in answers that appear in a list
Type in answers that appear in a list
Classic
Best Score? Go Orange.
Popples Stats
Can you name the Popples and the children that owned them?
By
Wonkavite
5m
24 Questions
32 Plays
32 Plays
32 Plays
Comments
Comments
Give Quiz Kudos
Give Quiz Kudos
-
- Ratings
hide this ad
More Info
Random Order
Randomize order of answers
Randomize order of answers
Replay
Link that replays current quiz
Next Quiz
Link to next quiz in quiz playlist
You Got
0%
They Got
Avg Score
61%
Avg Friend Score
Upgrade to see
Score Distribution
Jump to the score distribution portion of the page
Score
0/24
Timer
05:00
0
Plays Today
Popple/Character
Answer
% Correct
Large Popple, Pink
Party
90.6%
Large Popple, Blue
PC
87.5%
Medium Popple, White
Puffball
84.4%
Large Popple, Purple
Pancake
71.9%
Medium Popple, Magenta
Prize
68.8%
Small Popple, Green
Putter
68.8%
Medium Popple, Orange
Puzzle
65.6%
Small Popple, Grey
Pretty Bit
65.6%
Human Boy
Billy
62.5%
Rockstar Popple, Blue
Punkster
62.5%
Rockstar Popple, Pink
Punkity
62.5%
Small Popple, Yellow
Potato Chip
59.4%
Popple/Character
Answer
% Correct
Sports Popple, Football
TD
59.4%
Sports Popple, Baseball
Pitcher
59.4%
Human Girl
Bonnie
56.3%
Baby Popple, Pink
Cribsy
56.3%
Baby Popple, White
Bibsy
56.3%
Group of 6 Speechless Popples That Dispense Jokes and Riddles
Pufflings
56.3%
Sports Popple, Soccer
Big Kick
56.3%
Sports Popple, Tennis
Net Set
53.1%
Sports Popple, Baskeball
Dunker
50%
Neighbour Boy
Mike
46.9%
Neighbour Girl
Penny
43.8%
Sports Popple, Billiards
Cuester
43.8%
Quiz Playlist
Details
Report
Send in Message
Add To Playlist
More Info:
Name the Popples and related characters from the 1986/87 cartoon series.
Classic:
Type in answers that appear in a list
Random Order:
Randomize order of answers
Last Updated: Feb 16, 2017
Quiz Scoreboard
CHALLENGE
Sign Up to Join the Scoreboard
Show All
Scores
Hide
Comments
May contain spoilers
Recently Published
Decade Duel: World Leaders
by jenniferyan
History
4m
Alphabetical 'K' Countries by Flag Minefield
by ylime102
Geography
3m
Pick 6: Fruits
by JohnFran
Miscellaneous
15s
More to Explore
Quiz From the Vault
Featured Blog Post
15 Basketball Trivia Facts You Can Be March Mad About
hide this ad
You Might Also Like...
Tags
Cartoons Quiz
1980s
Cartoon Characters
Character
Children
Owned
Today's Top Quizzes in Television
Browse Television
hide this ad
Today's Top Quizzes in Cartoons
Browse Cartoons
Top Contributed Quizzes in Television
1
Hidden Simpsons Character
2
First Name TV: Leading Men
3
Hidden Simpsons Character XXIV
4
Hidden Simpsons Character II
5
First Name TV: Leading Women Drama
6
Hidden Simpsons Character III
7
Hidden Simpsons Character XXV
8
Hidden Simpsons Character XXVI
9
Pick A Pair: Religious TV
10
One Piece Logic Puzzle
Explore More
Trending Topics
Marvel
Disney
Harry Potter
NBA
Kpop
Crossword
Anime
WWE
The Office
Song
Country
Soccer
Pokémon
Puzzle
NFL
hide this ad
More By:
Wonkavite
Quiz
Plays
Rating
Category
Featured
Created
The Get Along Gang
58
Television
Apr 21, 2012
Popples
32
5.00
Television
Apr 20, 2012
Go to Creator's Profile
Score Distribution
Quiz Creator Spotlight
Wonkavite
Follow
Send a Message
Quizzes Created
-
Created Quiz Play Count
-
More By This Creator
Popular Quizzes Today
1
Countries of Asia Without Outlines Minefield
2
Find the US States - No Outlines Minefield
3
Pick 6: Fruits
4
Alphabetical 'K' Countries by Flag Minefield
5
The Countries of the World
6
Find the Countries of Europe - No Outlines Minefield
7
US States
8
Find the US States
More Television Quizzes
Food Show Hosts
Published
Trending Quizzes
Pick 6: Mountains
Pick 6: Harry Potter
Pick 6: Flags
Pick 6: NFL Teams
Pick 6: Movie Franchises
Recently Updated
Adaptations: Name the Title
pecheneg
NWSL Teams
pecheneg
Women's Final Four Teams by Year
bhenderson79
Presidents Quartet II
eogle
Anything But Clue(do)
eogle
Anything But Oceanian Capitals
eogle
Anything But 7
eogle
Anything But Thing
eogle
Word Ladder: February 29
pecheneg
Song Title Questions
pecheneg
Trending Topics
Harry Potter
Marvel
Disney
NBA
Crossword
Kpop
Anime
The Office
WWE
Puzzle
NFL
Song
Country
Soccer
Pokémon
Your Account Isn't Verified!
In order to create a playlist on Sporcle, you need to verify the email address you used during registration. Go to your
Sporcle Settings
to finish the process.
Report this User
Report this user for behavior that violates our
Community Guidelines
.
Details:
Send Report
Go to the Sporcle.com Mobile Site →
Comments